| 000 | 00622nam a2200205 4500 | ||
|---|---|---|---|
| 003 | OSt | ||
| 005 | 20230907120030.0 | ||
| 008 | 708 R549v | ||
| 040 | _cLado V | ||
| 082 |
_a750 _bF216c |
||
| 100 |
_91030 _aFantini, Claudio _eautor |
||
| 245 | _aFantini/ | ||
| 260 |
_aCOSTA RICA _bMRM SOLUCIONES GRAFICAS |
||
| 300 |
_a22p. _c24x29cm |
||
| 650 |
_2Tesauro de Arte & Arquitectura _aARTE _9702 |
||
| 650 |
_2Tesauro de Arte & Arquitectura _aPINTURA _9702 |
||
| 650 |
_2Tesauro de Arte & Arquitectura _aOLEO _9702 |
||
| 650 |
_2Tesauro de Arte & Arquitectura _aACRILICO |
||
| 942 |
_2ddc _c1 _h750 _iF216c _n0 |
||
| 999 |
_c4288 _d4288 |
||